[Event "European Hybrid Qual 2021"]
[Site "Tornelo INT"]
[Date "2021.05.24"]
[Round "1.1"]
[White "Goganov, Aleksey"]
[Black "Quparadze, Giga"]
[Result "1/2-1/2"]
[WhiteTitle "GM"]
[BlackTitle "GM"]
[WhiteElo "2582"]
[BlackElo "2463"]
[WhiteFideId "24109959"]
[BlackFideId "13602250"]
[EventDate "2021.05.24"]
[EventType "k.o."]

1. e4 c5 2. Nf3 e6 3. d4 cxd4 4. Nxd4 a6 5. Bd3 Nf6 6. O-O Qc7 7. Qe2 d6 8. c4
g6 9. b3 Bg7 10. Bb2 O-O 11. Nc3 Nh5 12. Qe3 Qc5 13. Na4 Qa7 14. Be2 e5 15. Nc2
Nf4 16. Rfe1 Qxe3 17. Nxe3 Nc6 18. Nb6 Rb8 19. Bf1 Rd8 20. Ned5 Ne6 21. b4 Bd7
22. Bc3 Ncd4 23. Rab1 Bc6 24. a4 f5 25. Ne7+ Kf7 26. Nxc6 bxc6 27. a5 fxe4 28.
Rxe4 Rb7 29. Ree1 Ra7 30. Bd2 Bf6 31. Red1 Rb8 32. Re1 Nc2 33. Rec1 Ncd4 34. Re1
Nc2 35. Rec1 Ncd4 36. Re1 1/2-1/2

[Event "European Hybrid Qual 2021"]
[Site "Tornelo INT"]
[Date "2021.05.25"]
[Round "1.2"]
[White "Quparadze, Giga"]
[Black "Goganov, Aleksey"]
[Result "1-0"]
[WhiteTitle "GM"]
[BlackTitle "GM"]
[WhiteElo "2463"]
[BlackElo "2582"]
[WhiteFideId "13602250"]
[BlackFideId "24109959"]
[EventDate "2021.05.24"]
[EventType "k.o."]

1. e4 c5 2. Nf3 e6 3. g3 Nc6 4. Bg2 Nf6 5. Nc3 d6 6. d4 cxd4 7. Nxd4 Bd7 8. O-O
a6 9. a4 Be7 10. Nb3 O-O 11. a5 Ne5 12. Qe2 Qc7 13. f4 Nc4 14. g4 g6 15. f5 Ne5
16. h3 exf5 17. exf5 Bc6 18. Nd4 d5 19. Bf4 Bd6 20. fxg6 hxg6 21. Bh6 Bc5 22.
Rad1 Ne4 23. Bxf8 Rxf8 24. Bxe4 dxe4 25. Nxe4 Nc4 26. Nf6+ Kg7 27. Qf2 Nxb2 28.
Nf5+ gxf5 29. Nh5+ Kg8 30. Qxc5 Nxd1 31. Qxf5 f6 32. Qg6+ Kh8 33. Qh6+ Kg8 34.
Rxf6 1-0

[Event "European Hybrid Qual 2021"]
[Site "Tornelo INT"]
[Date "2021.05.24"]
[Round "1.1"]
[White "Braun, Arik"]
[Black "Djukic, Nikola"]
[Result "1-0"]
[WhiteTitle "GM"]
[BlackTitle "GM"]
[WhiteElo "2609"]
[BlackElo "2510"]
[WhiteFideId "4663527"]
[BlackFideId "922412"]
[EventDate "2021.05.24"]
[EventType "k.o."]

1. d4 Nf6 2. c4 g6 3. Nc3 Bg7 4. e4 d6 5. f3 O-O 6. Be3 a6 7. Nge2 Nbd7 8. Ng3
h5 9. Bd3 c5 10. dxc5 dxc5 11. O-O h4 12. Nh1 Nh5 13. Be2 e5 14. g3 f5 15. exf5
gxf5 16. Qd5+ Kh8 17. Rad1 f4 18. gxf4 Bh6 19. Nf2 Bxf4 20. Ng4 Bxe3+ 21. Nxe3
Nf4 22. Qd6 Rf6 23. Qd2 Qg8+ 24. Kh1 Rg6 25. Rg1 Nf8 26. Qd8 Rxg1+ 27. Rxg1 N8g6
28. Qc7 Qf8 29. Bd1 Bf5 30. Rg5 Qh6 31. Nxf5 1-0

[Event "European Hybrid Qual 2021"]
[Site "Tornelo INT"]
[Date "2021.05.25"]
[Round "1.2"]
[White "Djukic, Nikola"]
[Black "Braun, Arik"]
[Result "0-1"]
[WhiteTitle "GM"]
[BlackTitle "GM"]
[WhiteElo "2510"]
[BlackElo "2609"]
[WhiteFideId "922412"]
[BlackFideId "4663527"]
[EventDate "2021.05.24"]
[EventType "k.o."]

1. e4 c6 2. d4 d5 3. f3 e6 4. Nc3 Bb4 5. Bf4 Ne7 6. Ne2 b6 7. Qd3 Ba6 8. Qe3 Nd7
9. O-O-O Rc8 10. g4 O-O 11. a3 Bxc3 12. Nxc3 Bxf1 13. Rhxf1 Re8 14. Bd6 Ra8 15.
Rde1 Nf6 16. Bg3 c5 17. Nb5 cxd4 18. Qxd4 dxe4 19. Qf2 Qd5 20. Nc7 Qa2 21. Nxe8
Rxe8 22. Qd4 e5 23. Qxe5 Ned5 24. Qd4 e3 25. b3 Qxa3+ 26. Qb2 Qa5 27. Be5 Nd7
28. Bxg7 Qd2+ 29. Kb1 e2 30. Rg1 f6 31. c4 Nc3+ 32. Ka1 Qd4 33. Bh6 Nc5 34. g5
Qxg1 35. Qxc3 Qxe1+ 36. Qxe1 Nd3 0-1

[Event "European Hybrid Qual 2021"]
[Site "Tornelo INT"]
[Date "2021.05.24"]
[Round "1.1"]
[White "Rozum, Ivan"]
[Black "Unuk, Laura"]
[Result "1-0"]
[WhiteTitle "GM"]
[BlackTitle "WGM"]
[WhiteElo "2549"]
[BlackElo "2404"]
[WhiteFideId "24104272"]
[BlackFideId "14609215"]
[EventDate "2021.05.24"]
[EventType "k.o."]

1. d4 Nf6 2. c4 e6 3. g3 d5 4. Nf3 Bb4+ 5. Bd2 Be7 6. Bg2 O-O 7. O-O c6 8. Bc3
Ne4 9. Nbd2 Nxc3 10. bxc3 Nd7 11. cxd5 exd5 12. Qb3 Qc7 13. c4 dxc4 14. Qxc4 Nb6
15. Qc2 Be6 16. Rfd1 Rad8 17. e4 Qc8 18. Nb3 f5 19. Nc5 fxe4 20. Nxe6 Qxe6 21.
Re1 Bf6 22. Rxe4 Qc4 23. Qb2 Qa4 24. Rc1 Nc4 25. Qe2 Nd6 26. Rf4 Qa3 27. Rd1 Kh8
28. Ne5 Nb5 29. Qh5 Bxe5 30. Be4 g6 31. Bxg6 Qe7 32. Rxf8+ Rxf8 33. dxe5 Nc3 34.
Rd6 Qg7 35. Bxh7 Ne2+ 36. Kf1 1-0

[Event "European Hybrid Qual 2021"]
[Site "Tornelo INT"]
[Date "2021.05.25"]
[Round "1.2"]
[White "Unuk, Laura"]
[Black "Rozum, Ivan"]
[Result "0-1"]
[WhiteTitle "WGM"]
[BlackTitle "GM"]
[WhiteElo "2404"]
[BlackElo "2549"]
[WhiteFideId "14609215"]
[BlackFideId "24104272"]
[EventDate "2021.05.24"]
[EventType "k.o."]

1. d4 Nf6 2. c4 e6 3. Nf3 d5 4. Nc3 Nbd7 5. c5 c6 6. Bf4 Nh5 7. e3 Nxf4 8. exf4
g6 9. Bd3 Bg7 10. Rc1 O-O 11. h4 b6 12. b4 a5 13. a3 axb4 14. axb4 Ba6 15. Bxa6
Rxa6 16. b5 Ra8 17. bxc6 Nb8 18. Na4 bxc5 19. Rxc5 Nxc6 20. O-O Qd6 21. Nc3 Nxd4 0-1

[Event "European Hybrid Qual 2021"]
[Site "Tornelo INT"]
[Date "2021.05.24"]
[Round "1.1"]
[White "Brkic, Ante"]
[Black "Nikac, Predrag"]
[Result "0-1"]
[WhiteTitle "GM"]
[BlackTitle "IM"]
[WhiteElo "2592"]
[BlackElo "2326"]
[WhiteFideId "14506688"]
[BlackFideId "908975"]
[EventDate "2021.05.24"]
[EventType "k.o."]

1. e4 c5 2. Nf3 Nc6 3. Bb5 g6 4. O-O Bg7 5. c3 Nf6 6. Re1 O-O 7. h3 Qb6 8. a4 d5
9. e5 Ne8 10. d4 cxd4 11. cxd4 Bf5 12. Nc3 Nc7 13. Bf1 a5 14. g4 Be6 15. Bf4 h6
16. Qd2 Kh7 17. Rad1 Rac8 18. Bg3 Qb3 19. Nh4 Nb4 20. f4 Bd7 21. f5 Bxa4 22. Ra1
Nb5 23. Rxa4 Nxc3 24. bxc3 Rxc3 25. Bf2 Rc2 26. Rxb4 axb4 27. Qd3 Qc3 28. fxg6+
Kg8 29. Nf5 e6 30. Nxg7 Kxg7 31. Bh4 fxg6 32. Bf6+ Kh7 33. Rb1 Rf7 34. Rb3 Qxd3
35. Rxd3 Rc3 36. Rd2 b3 37. h4 Rfc7 38. h5 Rg3+ 39. Rg2 Rxg2+ 40. Kxg2 Rc2+ 41.
Kg3 Rc3+ 42. Kf2 b2 43. hxg6+ Kxg6 0-1

[Event "European Hybrid Qual 2021"]
[Site "Tornelo INT"]
[Date "2021.05.25"]
[Round "1.2"]
[White "Nikac, Predrag"]
[Black "Brkic, Ante"]
[Result "0-1"]
[WhiteTitle "IM"]
[BlackTitle "GM"]
[WhiteElo "2326"]
[BlackElo "2592"]
[WhiteFideId "908975"]
[BlackFideId "14506688"]
[EventDate "2021.05.24"]
[EventType "k.o."]

1. f4 d5 2. Nf3 g6 3. g3 Bg7 4. Bg2 Nh6 5. d3 d4 6. c3 c5 7. Bd2 O-O 8. Na3 Nf5
9. O-O Nc6 10. Nc4 Be6 11. g4 Nd6 12. Nce5 Qb6 13. cxd4 cxd4 14. Nxc6 bxc6 15.
Ne5 Rac8 16. h3 f6 17. Nf3 Bd5 18. Qa4 e5 19. fxe5 fxe5 20. Qa5 c5 21. Rfc1 e4
22. Qxb6 axb6 23. Ng5 Rfe8 24. Bf4 Be5 25. Rf1 Kg7 26. Bxe4 Nxe4 27. Nxe4 Bxe4
28. dxe4 Bc7 29. e3 d3 30. Rfd1 c4 31. Rac1 Bxf4 32. exf4 Rxe4 33. b3 b5 34. Rc3
Re2 35. bxc4 bxc4 36. a4 d2 0-1

[Event "European Hybrid Qual 2021"]
[Site "Tornelo INT"]
[Date "2021.05.25"]
[Round "1.3"]
[White "Nikac, Predrag"]
[Black "Brkic, Ante"]
[Result "0-1"]
[WhiteTitle "IM"]
[BlackTitle "GM"]
[WhiteElo "2326"]
[BlackElo "2592"]
[WhiteFideId "908975"]
[BlackFideId "14506688"]
[EventDate "2021.05.24"]
[EventType "k.o."]

1. e4 c5 2. Nf3 d6 3. d4 cxd4 4. Nxd4 Nf6 5. Nc3 a6 6. f4 e5 7. Nf3 Nbd7 8. Bd3
Be7 9. O-O O-O 10. Qe1 b5 11. Nh4 b4 12. Nd1 Nc5 13. Nf2 Nh5 14. Nf5 Bxf5 15.
exf5 Nxf4 16. Bxf4 exf4 17. Qxb4 Bf6 18. Qxf4 Bxb2 19. Rad1 Be5 20. Qf3 Qg5 21.
Bc4 Rac8 22. Ng4 Nd7 23. Bxa6 Rxc2 24. a4 h5 25. Qe4 hxg4 26. Qxc2 Bxh2+ 27.
Kxh2 Qh4+ 28. Kg1 g3 29. Rfe1 Qh2+ 30. Kf1 Qh1+ 31. Ke2 Qxg2+ 32. Kd3 Qd5+ 33.
Ke3 Qa5 34. Bb5 Re8+ 35. Kf3 Rxe1 36. Rxe1 Qxe1 37. Bxd7 d5 38. f6 gxf6 39. Qg2
Kf8 40. Bb5 Ke7 41. Qxg3 Qd1+ 0-1

[Event "European Hybrid Qual 2021"]
[Site "Tornelo INT"]
[Date "2021.05.25"]
[Round "1.4"]
[White "Brkic, Ante"]
[Black "Nikac, Predrag"]
[Result "1-0"]
[WhiteTitle "GM"]
[BlackTitle "IM"]
[WhiteElo "2592"]
[BlackElo "2326"]
[WhiteFideId "14506688"]
[BlackFideId "908975"]
[EventDate "2021.05.24"]
[EventType "k.o."]

1. e4 c5 2. Nf3 Nc6 3. Bb5 g6 4. O-O Bg7 5. c3 Nf6 6. Re1 O-O 7. h3 d6 8. d4
cxd4 9. cxd4 d5 10. e5 Ne4 11. Bxc6 bxc6 12. Nc3 Nxc3 13. bxc3 Qa5 14. Bg5 f6
15. Bd2 Bf5 16. c4 Qa6 17. cxd5 cxd5 18. Bb4 Rfe8 19. a3 Rac8 20. Rc1 Be4 21.
Rxc8 Qxc8 22. Nd2 Bf5 23. Nf3 Be4 24. Nd2 Bf5 25. Nf3 Qc6 26. Qb3 Bc2 27. Qe3
Be4 28. Nd2 fxe5 29. Nxe4 exd4 30. Qb3 e5 31. Nd2 Kh8 32. Qd1 e4 33. Nb3 Qc4 34.
Na5 Qb5 35. Qd2 d3 36. Qg5 1-0

[Event "European Hybrid Qual 2021"]
[Site "Tornelo INT"]
[Date "2021.05.24"]
[Round "1.1"]
[White "Antipov, Mikhail Al."]
[Black "Mazur, Stefan"]
[Result "1-0"]
[WhiteTitle "GM"]
[BlackTitle "IM"]
[WhiteElo "2609"]
[BlackElo "2416"]
[WhiteFideId "4107012"]
[BlackFideId "14909332"]
[EventDate "2021.05.24"]
[EventType "k.o."]

1. e4 e5 2. Nf3 Nc6 3. Bc4 Nf6 4. d3 Be7 5. O-O O-O 6. Re1 d6 7. a4 Be6 8. Bxe6
fxe6 9. a5 b5 10. a6 Qe8 11. c3 Nh5 12. d4 exd4 13. cxd4 Qg6 14. Be3 Qxe4 15.
Nc3 Qg6 16. Nxb5 Rf5 17. Nxc7 Raf8 18. d5 exd5 19. Rc1 Nb4 20. Qd2 Nxa6 21. Nd4
Rg5 22. f4 Rg4 23. Nxa6 Bh4 24. Rf1 Re8 25. Nc7 Re4 26. Nxd5 h6 27. Rc8+ 1-0

[Event "European Hybrid Qual 2021"]
[Site "Tornelo INT"]
[Date "2021.05.25"]
[Round "1.2"]
[White "Mazur, Stefan"]
[Black "Antipov, Mikhail Al."]
[Result "1/2-1/2"]
[WhiteTitle "IM"]
[BlackTitle "GM"]
[WhiteElo "2416"]
[BlackElo "2609"]
[WhiteFideId "14909332"]
[BlackFideId "4107012"]
[EventDate "2021.05.24"]
[EventType "k.o."]

1. e4 e5 2. Nf3 Nc6 3. Bb5 Nf6 4. d3 Bc5 5. Bxc6 dxc6 6. Nbd2 O-O 7. Qe2 Nd7 8.
Nc4 Re8 9. Bd2 b5 10. Ne3 Nf8 11. h4 a5 12. a4 Bb6 13. h5 Ne6 14. Qd1 Nd4 15. h6
g6 16. Nxd4 Bxd4 17. Qf3 Bxb2 18. Ra2 Bd4 19. axb5 a4 20. bxc6 Be6 21. c4 Bxe3
22. Bxe3 f5 23. exf5 Bxf5 24. O-O Qxd3 25. Rd2 Qxc4 26. Rd7 Bxd7 27. cxd7 Rf8
28. Qg3 Qe6 29. Bc5 Rf7 30. Re1 Rxd7 31. Rxe5 Qb3 32. Qf4 Rad8 33. Qe4 Qf7 34.
g3 Rd5 35. Re7 Rxc5 36. Rxf7 Kxf7 37. Qxa4 Rcd5 38. Qf4+ Ke6 39. Qxc7 R8d7 40.
Qc8 Rf5 41. Kg2 Kd6 42. f4 Rdf7 43. Qb8+ Kd7 44. Qb7+ Kd6 45. Qc8 R5f6 46. Kf3
Rf5 47. Qd8+ Ke6 48. Ke4 R5f6 49. Qc8+ Kd6 50. Kd4 Rf5 51. Qd8+ Ke6 52. Ke4 R5f6
53. Qe8+ Kd6 54. Qe5+ Kd7 55. Kf3 Rf5 56. Qd4+ Ke7 57. Kg4 R5f6 58. Qb4+ Kd7 59.
Kf3 Rf5 60. Ke4 Re7+ 61. Kf3 Ref7 62. Qa4+ Kd6 63. Qa6+ Kd7 64. Ke4 R5f6 65.
Qb5+ Kd6 66. Kd4 Rf5 67. Qe8 Rd5+ 68. Ke4 Rdf5 69. Qb8+ Kd7 70. Qa7+ Kd6 71.
Qa3+ Kd7 72. Qd3+ Ke7 73. Qd2 R5f6 74. Qb4+ Kd7 75. Qb7+ Kd6 76. Qb8+ Ke6 77.
Kd4 Kd7 78. Qa8 Rf5 79. g4 Rxf4+ 80. Kd5 Rf1 81. Qa4+ Kd8 82. Qa8+ Kd7 83. Qb7+
Kd8 84. Qb8+ Kd7 85. Qb7+ Kd8 86. Qb8+ Kd7 87. Qb7+ 1/2-1/2

[Event "European Hybrid Qual 2021"]
[Site "Tornelo INT"]
[Date "2021.05.24"]
[Round "1.1"]
[White "Harutyunyan, Tigran K."]
[Black "Budisavljevic, Luka"]
[Result "1-0"]
[WhiteTitle "GM"]
[BlackTitle "GM"]
[WhiteElo "2552"]
[BlackElo "2513"]
[WhiteFideId "13303635"]
[BlackFideId "960047"]
[EventDate "2021.05.24"]
[EventType "k.o."]

1. c4 c5 2. g3 Nc6 3. Bg2 g6 4. Nc3 Bg7 5. d3 e6 6. e4 Nge7 7. h4 h6 8. Be3 Nd4
9. Qd2 O-O 10. Bxh6 Bxh6 11. Qxh6 Nc2+ 12. Kd2 Nxa1 13. h5 g5 14. Qxg5+ Kh7 15.
e5 Nf5 16. Qxd8 Rxd8 17. Nf3 Kg7 18. g4 Nd4 19. h6+ Kh8 20. Nxd4 cxd4 21. Ne4 d5
22. Nd6 Rf8 23. g5 dxc4 24. dxc4 Rb8 25. Rxa1 Bd7 26. Bxb7 Rxb7 27. Nxb7 Rb8 28.
Nd6 Rxb2+ 29. Kd3 Rxf2 30. Rb1 Bc6 31. Rb8+ Kh7 32. Rf8 Rg2 33. Rxf7+ Kg8 34.
Rg7+ Kf8 35. g6 Rh2 36. Rf7+ Kg8 37. h7+ Kh8 38. Rf8+ Kg7 39. Rg8+ 1-0

[Event "European Hybrid Qual 2021"]
[Site "Tornelo INT"]
[Date "2021.05.25"]
[Round "1.2"]
[White "Budisavljevic, Luka"]
[Black "Harutyunyan, Tigran K."]
[Result "0-1"]
[WhiteTitle "GM"]
[BlackTitle "GM"]
[WhiteElo "2513"]
[BlackElo "2552"]
[WhiteFideId "960047"]
[BlackFideId "13303635"]
[EventDate "2021.05.24"]
[EventType "k.o."]

1. e4 e5 2. Nf3 Nc6 3. d4 exd4 4. Nxd4 Nf6 5. Nxc6 bxc6 6. e5 Qe7 7. Qe2 Nd5 8.
h4 d6 9. c4 Nb6 10. exd6 cxd6 11. Be3 Be6 12. Nd2 d5 13. c5 Nd7 14. Qa6 Qd8 15.
Nb3 Be7 16. Be2 O-O 17. O-O Qc7 18. Qa4 a5 19. Rac1 Rfb8 20. Nd4 Rxb2 21. Nxc6
Bf8 22. Bf3 Rc8 23. Nd4 Nxc5 24. Qd1 Qd7 25. Re1 Rxa2 26. Nxe6 Nxe6 27. Rxc8
Qxc8 28. Bxd5 Rb2 29. h5 Bb4 30. Qa1 Bxe1 31. Qxb2 Bb4 32. Qe5 h6 33. Qf5 Qd7
34. g4 Nc5 35. Qf3 Ne6 36. Qf5 Nc5 37. Qf3 Ne6 38. Bc4 Qc8 39. Bd3 Ng5 40. Qg2
Qd8 41. Bc2 Bd6 42. f4 Qe8 43. Kf2 Nh7 44. Qd5 Nf6 45. Qf3 Qe6 46. Kg3 Qd5 47.
Qe2 Ne4+ 48. Kh2 Nc3 49. Qa6 Qe6 50. Qa8+ Bf8 51. Qf3 Qd5 52. Qf1 a4 53. Qe1 Ne4
54. Kh3 a3 55. Bc1 Nf6 56. Kg3 Qc4 57. Bf5 a2 58. Bd2 Qb3+ 59. Kh4 Qb2 60. g5
a1=Q 0-1

[Event "European Hybrid Qual 2021"]
[Site "Tornelo INT"]
[Date "2021.05.24"]
[Round "1.1"]
[White "Kozak, Adam"]
[Black "Pasko, Llambi"]
[Result "1-0"]
[WhiteTitle "GM"]
[BlackTitle "IM"]
[WhiteElo "2518"]
[BlackElo "2403"]
[WhiteFideId "753246"]
[BlackFideId "4701178"]
[EventDate "2021.05.24"]
[EventType "k.o."]

1. e4 e5 2. Nf3 Nc6 3. Bc4 Nf6 4. d3 Bc5 5. O-O d6 6. c3 O-O 7. a4 a6 8. h3 h6
9. Nbd2 Re8 10. Re1 Be6 11. Bxe6 Rxe6 12. Nf1 d5 13. Qb3 Rb8 14. a5 dxe4 15.
dxe4 Qd3 16. Ng3 Rd6 17. Be3 Bxe3 18. Rxe3 Qb5 19. Qxb5 axb5 20. b4 Rbd8 21. Kf1
g6 22. Ke2 Nd7 23. Ne1 Nf8 24. Rd3 Ne6 25. Rxd6 Rxd6 26. Nd3 Nf4+ 27. Nxf4 exf4
28. Nf1 Ne5 29. Nd2 Ra6 30. Nb3 b6 31. axb6 Rxb6 32. Ra7 Rc6 33. Nc5 Nc4 34. Na6
Na3 35. Nxc7 Rxc3 36. Ra8+ Kh7 37. Nd5 Rb3 38. Nf6+ Kg7 39. e5 h5 40. Ne8+ Kf8
41. Nd6+ Ke7 42. Ne4 Nc4 43. Ra7+ Kf8 44. Ra8+ Kg7 45. Re8 Rxb4 46. Ng5 Rb2+ 47.
Kf3 Rd2 48. Ne4 Rd4 49. Kxf4 b4 50. f3 Nb6 51. Rb8 Nd5+ 52. Kg5 Nc7 53. g4 Ne6+
54. Kh4 hxg4 55. hxg4 Rd5 56. Rxb4 Rxe5 57. Nd6 Nd8 58. Rb8 Nc6 59. Rc8 Ne7 60.
Ra8 f6 61. Ra7 Kf8 62. Ne4 Kf7 63. Ra6 Re6 64. Ra8 Nd5 65. Rd8 Re5 66. Rd6 Ke7
67. Ra6 Kf7 68. Ra8 Ne7 69. Ra7 Ke6 70. Ra6+ Kf7 71. Rxf6+ Kg7 72. Rd6 Kf7 73.
Ng5+ Kg7 74. Rd7 Kf6 75. Ra7 Kg7 76. Ra6 Nd5 77. Ra5 Kf6 78. Nh7+ Kg7 79. Ng5
Kf6 80. Ne4+ Ke6 81. Nc5+ Kd6 82. Ne4+ Ke6 83. Kg3 Ne7 84. Ng5+ Kf6 85. Nh7+ Ke6
86. Nf8+ Kd6 87. Ra6+ Kd5 88. Nxg6 1-0

[Event "European Hybrid Qual 2021"]
[Site "Tornelo INT"]
[Date "2021.05.25"]
[Round "1.2"]
[White "Pasko, Llambi"]
[Black "Kozak, Adam"]
[Result "1/2-1/2"]
[WhiteTitle "IM"]
[BlackTitle "GM"]
[WhiteElo "2403"]
[BlackElo "2518"]
[WhiteFideId "4701178"]
[BlackFideId "753246"]
[EventDate "2021.05.24"]
[EventType "k.o."]

1. d4 Nf6 2. c4 e6 3. Nf3 b6 4. a3 Bb7 5. Nc3 Ne4 6. Nxe4 Bxe4 7. Bf4 Be7 8. e3
O-O 9. Bd3 Bxd3 10. Qxd3 d6 11. O-O Nd7 12. Rfd1 Qc8 13. b4 Qb7 14. c5 Nf6 15.
cxd6 cxd6 16. Bg5 Rfc8 17. Bxf6 Bxf6 18. Rac1 d5 19. g4 a6 20. Qb1 Be7 21. Rd3
Rc7 22. Rdc3 Rac8 23. Qd3 Rxc3 24. Rxc3 Bd6 25. Qc2 Rxc3 26. Qxc3 Qc7 27. Qxc7
Bxc7 28. Nd2 g5 29. h3 Kf8 30. Kf1 Ke7 31. Ke2 Kd7 32. Kd3 Bd6 33. Kc3 Kc6 34.
Kb3 h6 35. Nf3 Kb5 36. h4 f6 37. hxg5 hxg5 38. Ng1 a5 39. a4+ Kc6 40. b5+ Kd7
41. Kc2 Bh2 42. Nf3 Bd6 43. Kd3 Bc7 44. Ng1 Bh2 45. Ne2 Bd6 46. f4 gxf4 47. exf4
f5 48. gxf5 exf5 49. Ke3 Ke6 50. Nc1 Be7 51. Nd3 Bf6 52. Ne5 Be7 53. Kf3 Bf6 54.
Kg3 Be7 55. Nf3 Bf6 56. Ne5 Be7 57. Nc6 Bf6 58. Kh3 Kd6 59. Kg3 Ke6 60. Kf3 Kd6
61. Ke3 Ke6 62. Kf3 Kd6 63. Ke3 Ke6 64. Kf3 1/2-1/2

[Event "European Hybrid Qual 2021"]
[Site "Tornelo INT"]
[Date "2021.05.24"]
[Round "1.1"]
[White "Hera, Imre Jr."]
[Black "Rego, Pedro Filipe"]
[Result "1-0"]
[WhiteTitle "GM"]
[BlackTitle "FM"]
[WhiteElo "2610"]
[BlackElo "2222"]
[WhiteFideId "716855"]
[BlackFideId "1904310"]
[EventDate "2021.05.24"]
[EventType "k.o."]

1. Nf3 Nf6 2. g3 d5 3. c4 e6 4. Bg2 Be7 5. O-O O-O 6. b3 c5 7. Bb2 Nc6 8. cxd5
Nxd5 9. Nc3 Bf6 10. Qc2 Nxc3 11. dxc3 Qc7 12. Rad1 h6 13. Nd2 b6 14. Ne4 Be7 15.
c4 f5 16. Nc3 a6 17. Qd2 Ra7 18. Nd5 exd5 19. Qxd5+ Kh7 20. Qxc6 Qxc6 21. Bxc6
Bf6 22. Bxf6 Rxf6 23. Bf3 b5 24. Rd5 Rc7 25. cxb5 axb5 26. Rc1 c4 27. Rxb5 Ba6
28. Rb4 c3 29. Rd4 Re6 30. e3 Rb6 31. Bd5 c2 32. Rd2 Rd6 33. Bg8+ Kxg8 34. Rxd6
Be2 35. Rd2 Bd1 36. Rdxd1 cxd1=Q+ 37. Rxd1 1-0

[Event "European Hybrid Qual 2021"]
[Site "Tornelo INT"]
[Date "2021.05.25"]
[Round "1.2"]
[White "Rego, Pedro Filipe"]
[Black "Hera, Imre Jr."]
[Result "0-1"]
[WhiteTitle "FM"]
[BlackTitle "GM"]
[WhiteElo "2222"]
[BlackElo "2610"]
[WhiteFideId "1904310"]
[BlackFideId "716855"]
[EventDate "2021.05.24"]
[EventType "k.o."]

1. Nf3 d5 2. d4 Nf6 3. c4 e6 4. Bg5 Be7 5. Nc3 O-O 6. e3 h6 7. Bh4 b6 8. cxd5
Nxd5 9. Bxe7 Qxe7 10. Nxd5 exd5 11. Be2 Be6 12. O-O c5 13. Qa4 Nd7 14. Rac1 c4
15. b3 a6 16. Rfe1 b5 17. Qa5 Qd8 18. Qa3 Qb6 19. bxc4 dxc4 20. Qb2 Rac8 21. e4
b4 22. a3 a5 23. axb4 axb4 24. Rb1 Rb8 25. h3 c3 26. Qc1 Ba2 27. Ra1 b3 28. Qxc3
b2 29. Rab1 Bxb1 30. Rxb1 Rfc8 31. Qd2 Qb4 32. Qe3 Qc3 33. Bd3 Qc1+ 34. Ne1 Qxe3
35. fxe3 Rc1 36. Kf2 Rxb1 37. Bxb1 Ra8 38. Nf3 Nb6 39. Ke2 Ra1 40. Nd2 Nc4 41.
Nxc4 Rxb1 42. Kf2 Rf1+ 0-1

[Event "European Hybrid Qual 2021"]
[Site "Tornelo INT"]
[Date "2021.05.24"]
[Round "1.1"]
[White "Parligras, Mircea-Emilian"]
[Black "Ashiku, Franc"]
[Result "1-0"]
[WhiteTitle "GM"]
[BlackTitle "IM"]
[WhiteElo "2591"]
[BlackElo "2420"]
[WhiteFideId "1204297"]
[BlackFideId "4700066"]
[EventDate "2021.05.24"]
[EventType "k.o."]

1. d4 Nf6 2. c4 g6 3. Nc3 Bg7 4. e4 d6 5. h3 e5 6. d5 a5 7. Be3 Na6 8. Nf3 O-O
9. g4 Nd7 10. Rg1 Ndc5 11. Nd2 c6 12. a3 Bd7 13. Nb3 cxd5 14. cxd5 a4 15. Nxc5
Nxc5 16. Bxc5 dxc5 17. Bb5 Bxb5 18. Nxb5 Qa5+ 19. Nc3 b5 20. Qd2 Rfb8 21. Rg3 b4
22. Nd1 c4 23. axb4 Rxb4 24. Rga3 Bf8 25. Nc3 Qb6 26. R1a2 Qd4 27. Rxa4 Raxa4
28. Rxa4 Qxd2+ 29. Kxd2 Rxb2+ 30. Kc1 Rxf2 31. Rxc4 Rf3 32. Nb5 Rxh3 33. d6 Kg7
34. d7 Be7 35. Nc7 Rg3 36. Ne8+ Kh6 37. Nd6 Kg7 38. Rc8 Rxg4 39. Re8 Bg5+ 40.
Kc2 Rg1 41. Rxe5 f5 42. Rd5 Kf8 43. e5 Bd8 44. Nb7 Ke7 45. Nxd8 Kxd8 46. e6 Re1
47. Rd6 Re2+ 48. Kc3 Re3+ 49. Kd4 Re1 50. Ra6 Ke7 51. Ra8 Kxe6 52. Re8+ 1-0

[Event "European Hybrid Qual 2021"]
[Site "Tornelo INT"]
[Date "2021.05.25"]
[Round "1.2"]
[White "Ashiku, Franc"]
[Black "Parligras, Mircea-Emilian"]
[Result "1/2-1/2"]
[WhiteTitle "IM"]
[BlackTitle "GM"]
[WhiteElo "2420"]
[BlackElo "2591"]
[WhiteFideId "4700066"]
[BlackFideId "1204297"]
[EventDate "2021.05.24"]
[EventType "k.o."]

1. d4 Nf6 2. c4 e6 3. Nc3 Bb4 4. e3 O-O 5. Bd3 d5 6. Nf3 dxc4 7. Bxc4 c5 8. O-O
cxd4 9. exd4 b6 10. Ne5 Bb7 11. Bg5 Nbd7 12. Nxd7 Qxd7 13. Bxf6 gxf6 14. d5 Bxc3
15. bxc3 Bxd5 16. Qg4+ Kh8 17. Qh4 Bxc4 18. Qxf6+ Kg8 19. Qg5+ Kh8 20. Qf6+ Kg8
21. Qg5+ Kh8 22. Qf6+ 1/2-1/2

[Event "European Hybrid Qual 2021"]
[Site "Tornelo INT"]
[Date "2021.05.24"]
[Round "1.1"]
[White "Kobalia, Mikhail"]
[Black "Van Foreest, Machteld"]
[Result "1-0"]
[WhiteTitle "GM"]
[WhiteElo "2587"]
[BlackElo "2161"]
[WhiteFideId "4119150"]
[BlackFideId "1051563"]
[EventDate "2021.05.24"]
[EventType "k.o."]

1. e4 c5 2. Nf3 e6 3. c3 Nf6 4. e5 Nd5 5. d4 cxd4 6. cxd4 Nc6 7. Bc4 Bb4+ 8. Bd2
Qb6 9. O-O O-O 10. Bxd5 exd5 11. Bxb4 Qxb4 12. Nc3 Qxb2 13. Nxd5 d6 14. Qd3 dxe5
15. Rfb1 e4 16. Qxe4 Qa3 17. Ng5 f5 18. Qf4 h6 19. Nf3 Qa4 20. Qe3 Qa5 21. Nf4
Qd8 22. d5 Re8 23. Qc3 Ne7 24. Nh5 1-0

[Event "European Hybrid Qual 2021"]
[Site "Tornelo INT"]
[Date "2021.05.25"]
[Round "1.2"]
[White "Van Foreest, Machteld"]
[Black "Kobalia, Mikhail"]
[Result "0-1"]
[BlackTitle "GM"]
[WhiteElo "2161"]
[BlackElo "2587"]
[WhiteFideId "1051563"]
[BlackFideId "4119150"]
[EventDate "2021.05.24"]
[EventType "k.o."]

1. e4 c5 2. Nf3 a6 3. Nc3 e6 4. a4 Nc6 5. Bc4 Nf6 6. Ba2 Qc7 7. O-O Bd6 8. h3 b6
9. d3 Bb7 10. Be3 O-O 11. Qe2 Be7 12. Rae1 Nb4 13. Bb3 d5 14. e5 d4 15. exf6
Bxf6 16. Nd1 dxe3 17. fxe3 b5 18. e4 Rac8 19. Ne3 Bxb2 20. Ng5 c4 21. dxc4 bxa4
22. Bxa4 Qc5 23. Qh5 h6 24. Rxf7 Bxe4 25. Qh4 Rxf7 26. Nxf7 Bf5 27. Qf2 Rf8 28.
g4 Bg6 29. Nxh6+ gxh6 30. Qh4 Kg7 31. Kh1 Bc3 32. Re2 Be4+ 33. Kh2 Be5+ 34. Kg1
Bd4 0-1